000 01511nam a2200361 c 4500
003 BLK
005 20250723160115.0
008 180411b bul|||||r ||||||| ||bul||
010 _aKNG00208626000
020 _a978-619-150-816-7
_bиздат.: Колибри
040 _aBLK
041 _aBUL
_cBUL
072 7 _2bullib
_aН83
_xЧужда художествена литература Н
080 _aПеруанска литература
_b821.134.2(85)
_x-31
_z821.134.2(85)-31
100 1 _aВаргас Льоса, Марио
_eпърви автор
_9383298
700 1 _aРафаилова, Валентина Борисова
_eпрев. от исп.
_9377986
139 _aВаргас Льоса, Марио
_bВ 22
245 1 0 _aЗелената къща
_bРоман
_cМарио Варгас Льоса; прев. от исп. Валентина Борисова Рафаилова.
250 _a2. изд.
257 _aPER
260 София
_bКолибри
_c2017
_fСофия : Инвестпрес
300 _a464 с.
_c20 см
380 _aX
500 _a1. изд. 1973 на изд. Нар. култура в библ. Избрани романи. - Ориг. загл. La casa verde.
653 _aромани
659 _aН
852 _aЦб 286270
856 4 _qpdf
_u
856 4 _qpdf
_u
942 _cKNG
_n0
_021
944 _aCR
_c27.06.2017
_lМартин Енчев
_k30575
944 _aED
_c23.11.2017
_lф /
_kПенка_Димитрова
999 _c199249
_d199249